Normal view
MARC view
Entry Personal Name
001 - CONTROL NUMBER
- control field: 15904
003 - CONTROL NUMBER IDENTIFIER
- control field: BD-RjUL
005 - DATE AND TIME OF LATEST TRANSACTION
- control field: 20250708100843.0
008 - FIXED-LENGTH DATA ELEMENTS
- fixed length control field: 250708|| aca||aabn | a|a d
040 ## - CATALOGING SOURCE
- Original cataloging agency: BD-RjUL
- Transcribing agency: BD-RjUL
100 ## - HEADING--PERSONAL NAME
- Personal name: فاروقى، محمد احسن ;; Farooqi, Muhammad Ahsan
670 ## - SOURCE DATA FOUND
- Source citation: Work cat.: (BD-RjUL)85130: فاروقى، محمد احسن ;; Farooqi, Muhammad Ahsan, ناول کىا ہے : ىعنى ناول نگارى کا ٹىکنىک / Nāvil kiyā hai : yaʻnī nāvil nigārī kā ṭeknīk /